| 000 | 00984nam a22002537a 4500 | ||
|---|---|---|---|
| 999 |
_c19200 _d19200 |
||
| 003 | AR-CdUCM | ||
| 008 | 190516b ||||| |||| 00| 0 spa d | ||
| 020 | _a968-816-051-2 | ||
| 040 |
_aMUNICIPALIDAD PROVINCIAL DEL CUSCO _cBIBLIOTECA MUNICIPAL DEL CUSCO |
||
| 082 |
_a974 / _bC93 |
||
| 110 |
_aComité Interno de Ediciones Gubernamentales. _939977 |
||
| 245 | _aCuauhtemoc / | ||
| 260 |
_aMéxico : _bComité Interno de Ediciones Gubernamentales. _c1985. |
||
| 300 |
_a226 páginas ; _bilustraciones, _c22 cm. |
||
| 440 |
_aColección Conciencia Cívica Nacional. _n14 _940397 |
||
| 505 | _aContenido: Datos biográficos -- La conquista -- Suplicio y muerte del héroe -- Hallazgo de los restos de Cuauhtemoc -- Cuauhtemoc en la poesía. | ||
| 650 |
_aMéxico _918 |
||
| 650 |
_aHistoria _9136 |
||
| 650 |
_aBiografía _922 |
||
| 650 |
_aCuauhtemoc _940398 |
||
| 710 |
_aDepartamento del Distrito Federal - México. _939954 |
||
| 942 |
_2ddc _cLIBROS |
||
| 945 |
_aachl _d2019-05-16 |
||